书目信息 |
| 题名: |
《耶路撒冷的艾希曼》
|
|
| 作者: | 阿伦特 著 ;孙传钊 编 | |
| 分册: | ||
| 出版信息: | 长春 吉林人民出版社 2011.1 |
|
| 页数: | 304页 | |
| 开本: | 24cm | |
| 丛书名: | 人文译丛 | |
| 单 册: | ||
| 中图分类: | B82-53 | |
| 科图分类: | ||
| 主题词: | 伦理学--文集 | |
| 电子资源: | ||
| ISBN: | 978-7-206-07197-3 | |
| 000 | 01178nam 2200301 45 | |
| 001 | 516 | |
| 005 | 20120531150624.35 | |
| 010 | @a978-7-206-07197-3@dCNY36.00 | |
| 100 | @a20120328d2011 em y0chiy0110 ea | |
| 101 | 1 | @achi@ceng |
| 102 | @aCN@b220000 | |
| 105 | @ay a 000yy | |
| 106 | @ar | |
| 200 | 1 | @a《耶路撒冷的艾希曼》@A《 Ye Lu Sa Leng De Ai Xi Man》@e伦理的现代困境@ELun Li De Xian Dai Kun Jing@d= Eichmann in Jerusalem@edilemma of modern ethics@f(美) 汉娜·阿伦特等著@F( Mei ) Han Na· A Lun Te Deng Zhu@g孙传钊编@zeng |
| 205 | @a2版 | |
| 210 | @a长春@c吉林人民出版社@d2011.1 | |
| 215 | @a304页@d24cm | |
| 225 | 2 | @a人文译丛 |
| 330 | @a本书所收文章或是与阿伦特的论述内容直接相关的文献,或是反映耶路撒冷审判、阿伦特的伦理思想产生影响的资料。如《不服从的赞歌》等。 | |
| 461 | 0 | @12001 @a人文译丛 |
| 510 | 1 | @aEichmann in Jerusalem@edilemma of modern ethics@zeng |
| 517 | 1 | @a伦理的现代困境@ALun Li De Xian Dai Kun Jing |
| 606 | 0 | @a伦理学@j文集 |
| 690 | @aB82-53@v4 | |
| 701 | 1 | @a阿伦特@AA Lun Te@g(Arendt, Hannah),@f1906-1975@4著 |
| 702 | 0 | @a孙传钊@ASun Chuan Zhao@4编 |
| 801 | 0 | @aCN@bTSTCL@c20120328 |
| 905 | @b0815032-35@dB82-53@e445=2@f4 | |
| 《耶路撒冷的艾希曼》:伦理的现代困境= Eichmann in Jerusalem:dilemma of modern ethics/(美) 汉娜·阿伦特等著/孙传钊编.-2版.-长春:吉林人民出版社,2011.1 |
| 304页;24cm.-(人文译丛) |
| ISBN 978-7-206-07197-3:CNY36.00 |
| 本书所收文章或是与阿伦特的论述内容直接相关的文献,或是反映耶路撒冷审判、阿伦特的伦理思想产生影响的资料。如《不服从的赞歌》等。 |
| ● |
| 相关链接 |
|
|
|
|
正题名:《耶路撒冷的艾希曼》
索取号:B82-53/445=2
 
预约/预借
| 序号 | 登录号 | 条形码 | 馆藏地/架位号 | 状态 | 备注 |
| 1 | 0815032 | 208150329 | 第一样本阅览室/ [索取号:B82-53/445=2] | 在馆 | |
| 2 | 0815033 | 208150338 | 第一借阅区/ [索取号:B82-53/445=2] | 在馆 | |
| 3 | 0815034 | 208150347 | 第一借阅区/ [索取号:B82-53/445=2] | 在馆 | |
| 4 | 0815035 | 208150356 | 第一借阅区/ [索取号:B82-53/445=2] | 在馆 |